Library Banner

Z.A. Bhutto (Record no. 82921)

MARC details
000 -LEADER
fixed length control field 00390nam a22001457a 4500
005 - DATE AND TIME OF LATEST TRANSACTION
control field 20160217152331.0
008 - FIXED-LENGTH DATA ELEMENTS--GENERAL INFORMATION
fixed length control field 160217b xxu||||| |||| 00| 0 eng d
040 ## - CATALOGING SOURCE
Transcribing agency PK-LaUMT
082 ## - DEWEY DECIMAL CLASSIFICATION NUMBER
Classification number AMC 954.91050924
Item number FAK-B
100 ## - MAIN ENTRY--PERSONAL NAME
Personal name Fakhar zaman
245 ## - TITLE STATEMENT
Title Z.A. Bhutto
Remainder of title the political thinker
Statement of responsibility, etc Fakhar zaman
260 ## - PUBLICATION, DISTRIBUTION, ETC. (IMPRINT)
Place of publication, distribution, etc Lahore
Name of publisher, distributor, etc People's publications
Date of publication, distribution, etc 1973
300 ## - PHYSICAL DESCRIPTION
Extent 101 p.
942 ## - ADDED ENTRY ELEMENTS (KOHA)
Koha item type Books
Holdings
Withdrawn status Lost status Damaged status Home library Current library Date acquired Full call number Barcode Date last seen Price effective from Koha item type
      UMT Main Campus UMT Main Campus 2016-02-17 AMC 954.91050924 FAK-B 85497 2016-02-17 2016-02-17 Books